[Event "Mechanics' Shipman TNM; G/2 d/5"]
[Site "San Francisco"]
[Date "2018.09.11"]
[Round "6.11"]
[White "Yun, Andrew"]
[Black "Askin, David Benjamin"]
[Result "0-1"]
[WhiteElo "1557"]
[BlackElo "2001"]
[Annotator "Winslow,Elliott"]
[PlyCount "96"]
[EventDate "2018.??.??"]
[Source "ChessBase"]
[SourceDate "2007.09.04"]

1. e4 c6 2. d4 d5 3. Nd2 dxe4 4. Nxe4 Bf5 5. Ng3 Bg6 6. Nf3 Nd7 7. Bd3 Bxd3 8.
Qxd3 e6 9. O-O Ngf6 10. Re1 Be7 11. c4 O-O 12. b3 c5 13. Bb2 cxd4 14. Qxd4 Qa5
15. a3 Rfe8 16. Ne4 Rad8 17. b4 Qb6 18. Qc3 Bf8 19. Rad1 Nxe4 20. Rxe4 Nc5 21.
Red4 Na4 22. Qc2 Nxb2 23. Ng5 g6 24. Qxb2 Bg7 25. Rxd8 Rxd8 26. Qe2 Qc7 27. c5
Bb2 28. Rxd8+ Qxd8 29. g3 Bxa3 30. Nxf7 Kxf7 31. Qf3+ Kg7 32. Qxa3 Qd1+ 33. Kg2
Qd5+ $6 (33... Qd4 34. b5 Qc4 {appears to hold on}) 34. Qf3 Qd7 35. h4 h5 36.
Qe4 (36. g4 hxg4 37. Qxg4 {-- it just goes nowhere}) 36... a6 37. Qe5+ Kf7 38.
Qf4+ Ke8 39. Qe4 Qd5 40. Qxd5 exd5 {[#] Endings are a world of their own.} 41.
Kf3 $2 ({White has to get his majority going:} 41. f3 {
/\ g3-g4 with his own passed pawn}) ({Or, barely,} 41. Kf1 Kd7 42. f3 $8 {
Still time!}) 41... Kd7 $1 $19 42. Ke3 Kc6 43. Kd4 Kb5 44. f3 (44. Kc3 d4+)
44... Kxb4 45. g4 {Too! Late!} a5 46. gxh5 gxh5 47. f4 a4 48. f5 a3 0-1

[Event "Mechanics' Bedjanian TNM; G/2 d/5"]
[Site "San Francisco"]
[Date "2018.11.27"]
[Round "6.18"]
[White "Yun, Andrew"]
[Black "Babayan, Gagik"]
[Result "1-0"]
[WhiteElo "1700"]
[BlackElo "1833"]
[PlyCount "87"]
[EventDate "2018.??.??"]
[Source "ChessBase"]
[SourceDate "2007.09.04"]

1. e4 e5 2. Nf3 Nc6 3. d4 exd4 4. Bc4 Bb4+ 5. c3 dxc3 6. bxc3 Bd6 7. O-O Nge7
8. Re1 O-O 9. e5 Bc5 10. Ng5 Qe8 11. Qh5 h6 12. Ne4 Na5 13. Nf6+ gxf6 14. exf6
Ng6 15. Rxe8 Rxe8 16. Bf1 Re5 17. Qxh6 Bf8 18. Qd2 d5 19. Ba3 c5 20. g3 Be6 21.
f4 Rh5 22. Qd1 Rf5 23. Nd2 Rxf6 24. Nf3 Rd8 25. Ng5 b6 26. Qh5 Bg7 27. Re1 Bf5
28. Bc1 Nf8 29. Qf3 Ne6 30. Nxe6 Rxe6 31. Rxe6 Bxe6 32. f5 Bc8 33. f6 Bf8 34.
Bd3 c4 35. Bc2 Bc5+ 36. Kf1 Bh3+ 37. Ke1 Re8+ 38. Kd1 Re6 39. Bh6 Re5 40. Kc1
Ba3+ 41. Kd2 Bf8 42. Qf4 Bd6 43. Qh4 Bf8 44. Bg7 1-0

[Event "Mechanics' Shipman TNM; G/2 d/5"]
[Site "San Francisco"]
[Date "2018.08.14"]
[Round "2.34"]
[White "Yun, Andrew"]
[Black "Bayaraa, Timothy"]
[Result "1-0"]
[WhiteElo "1557"]
[BlackElo "1032"]
[PlyCount "75"]
[EventDate "2018.??.??"]
[Source "ChessBase"]
[SourceDate "2007.09.04"]

1. e4 e5 2. Nf3 Nc6 3. d4 d5 4. exd5 (4. Nxe5 dxe4 5. Bb5 $16) 4... Qxd5 5. Nc3
Qa5 (5... Bb4) 6. d5 e4 7. dxc6 exf3 8. Qxf3 b6 9. Bc4 Nf6 10. O-O Be7 11. Nb5
O-O 12. Nxc7 Bg4 13. Qg3 Rac8 14. Be3 b5 15. Nxb5 Rxc6 16. b3 a6 17. Nd4 Rc5
18. f3 Bf5 19. Nxf5 Rxf5 20. a4 Bc5 21. Rfe1 Bxe3+ 22. Rxe3 Qc5 23. Rae1 h6 24.
Bxa6 Re8 25. Qf2 Qc6 26. Bb5 Rxb5 27. axb5 Qxb5 28. Rxe8+ Nxe8 29. Qe2 Qc5+ 30.
Kf1 Nf6 31. c4 Qb4 32. Qd3 g5 33. Rc1 h5 34. c5 Ne8 35. c6 Qb6 36. c7 Nxc7 37.
Qd8+ Kg7 38. Qxc7 1-0

[Event "Mechanics' Shipman TNM; G/2 d/5"]
[Site "San Francisco"]
[Date "2018.09.25"]
[Round "8.15"]
[White "Yun, Andrew"]
[Black "Drane, Robert"]
[Result "1-0"]
[WhiteElo "1557"]
[BlackElo "1806"]
[PlyCount "82"]
[EventDate "2018.??.??"]
[Source "ChessBase"]
[SourceDate "2007.09.04"]

1. e4 Nf6 2. e5 Nd5 3. d4 d6 4. Nf3 dxe5 5. Nxe5 c6 6. c4 Nb4 7. a3 Qxd4 8. Nd3
Bg4 9. f3 Nxd3+ 10. Qxd3 Qe5+ 11. Be2 Bf5 12. Qc3 Nd7 13. Be3 Qxc3+ 14. Nxc3
O-O-O 15. b4 e6 16. Kf2 Be7 17. Na4 b6 18. Ra2 Ne5 19. g4 Bd3 20. c5 b5 21. Nc3
Bxe2 22. Kxe2 Nc4 23. Bc1 Rd7 24. a4 bxa4 25. Rxa4 Ne5 26. Bf4 Nd3 27. Bg3 Rhd8
28. Rha1 e5 29. Ne4 Kb8 30. Rb1 Rb7 31. Ra3 Nf4+ 32. Bxf4 exf4 33. Rd3 Rd5 34.
Nc3 Rxd3 35. Kxd3 a5 36. Ne4 axb4 37. Kc4 g6 38. g5 Kc7 39. h4 Kd7 40. Nf2 Rb8
41. Nd3 Ke6 {... and *White* went on to win} 1-0

[Event "Mechanics' Bedjanian TNM; G/2 d/5"]
[Site "San Francisco"]
[Date "2018.10.30"]
[Round "2.26"]
[White "Yun, Andrew"]
[Black "Frank, Robert"]
[Result "1-0"]
[WhiteElo "1700"]
[BlackElo "1428"]
[PlyCount "77"]
[EventDate "2018.??.??"]
[Source "ChessBase"]
[SourceDate "2007.09.04"]

1. e4 e5 2. Nf3 Nf6 3. Nc3 Nc6 4. Bc4 Bb4 5. O-O O-O 6. Re1 Re8 7. Nd5 Na5 8.
Qe2 Nxc4 9. Qxc4 Bd6 10. Ne3 c6 11. Ng5 Rf8 12. b3 b5 13. Qd3 Bc7 14. Bb2 d6
15. a4 b4 16. c4 h6 17. Nh3 Bxh3 18. gxh3 Nh5 19. Ng2 Qf6 20. Kh1 Rae8 21. Rf1
Qg5 22. Qe3 Qxe3 23. fxe3 Nf6 24. d3 Bb6 25. Rf3 Nd7 26. Nh4 Nc5 27. Rg1 Bd8
28. Nf5 Bf6 29. Nxd6 Re6 30. d4 Nxb3 31. Nf5 Kh7 32. dxe5 Bxe5 33. Bxe5 g6 34.
Bb2 Rg8 35. Ng3 Nd2 36. Rxf7+ Rg7 37. Rxg7+ Kh8 38. Rxg6+ Kh7 39. Rxe6 1-0

[Event "Mechanics' Shipman TNM; G/2 d/5"]
[Site "San Francisco"]
[Date "2018.08.28"]
[Round "4.17"]
[White "Yun, Andrew"]
[Black "Poling, Scott E"]
[Result "1-0"]
[WhiteElo "1557"]
[BlackElo "1856"]
[Annotator "Winslow,Elliott"]
[PlyCount "41"]
[EventDate "2018.??.??"]
[Source "ChessBase"]
[SourceDate "2007.09.04"]

1. e4 c5 2. Nf3 e6 3. b3 Nf6 4. e5 Nd5 5. Be2 Nf4 6. O-O Nxe2+ 7. Qxe2 b6 8.
Qe4 Nc6 9. Nc3 a6 10. a4 Bb7 11. Bb2 Qc7 12. Qe2 Be7 13. Ne4 O-O {[#]} 14. Nf6+
$5 Bxf6 15. exf6 Nb4 $4 (15... gxf6 $5 16. Qe3 $5 (16. Bxf6 Qf4 17. Be5 Qg4 18.
h3 Qg6 19. Nh4 Qg5 20. Nf3 Qg6) 16... Nd4 $11) 16. Ng5 $2 (16. Qe3 $18) (16.
Ne5 $18) 16... g6 17. d3 Nd5 $2 (17... Qf4 $11 18. Nh3 Qh4 19. f4) 18. Be5 $2 (
18. Rae1) (18. g3) 18... Qc6 $4 (18... d6 19. Bb2 e5 $11) 19. Ne4 $18 d6 20.
Qd2 Nxf6 21. Bxf6 1-0

[Event "Mechanics' Bedjanian TNM; G/2 d/5"]
[Site "San Francisco"]
[Date "2018.12.18"]
[Round "9.16"]
[White "Yun, Andrew"]
[Black "Sherwood, Peter"]
[Result "1-0"]
[WhiteElo "1700"]
[BlackElo "1611"]
[Annotator "Sherwood, Winslow"]
[PlyCount "91"]
[EventDate "2018.??.??"]
[Source "ChessBase"]
[SourceDate "2007.09.04"]

1. e4 c5 2. Nf3 d6 3. d4 cxd4 4. Nxd4 Nf6 5. Nc3 a6 6. Be2 Nc6 $6 (6... e5 7.
Nb3 (7. Nf5 $6 d5 $15) (7. Nf3 h6) 7... Be7 8. Bg5 Be6) 7. Bg5 e6 8. Nxc6 bxc6
9. e5 dxe5 10. Qxd8+ Kxd8 11. Ne4 Be7 12. Nxf6 Bxf6 13. Bxf6+ gxf6 14. O-O-O+
Ke7 15. Rd3 Bb7 16. Rhd1 Rad8 17. Rb3 Rxd1+ 18. Kxd1 Rd8+ 19. Kc1 Rd7 20. Ra3
c5 21. g3 Rd6 22. Ra5 c4 23. Rc5 Rc6 24. Rxc4 Rxc4 25. Bxc4 f5 26. Kd2 Kd6 27.
Ke3 (27. b4) 27... Kc5 28. Be2 a5 29. h4 Bd5 30. a3 h6 $16 31. c3 $2 Bc4 $2 (
31... a4 $1 $11) 32. b4+ $18 axb4 33. axb4+ Kb5 34. Bxc4+ Kxc4 35. f3 h5 36.
Ke2 (36. g4 $1 $18 hxg4 (36... f4+ 37. Ke2 e4 38. gxh5) 37. h5 Kxc3 38. h6 f4+
39. Ke2 e4 40. fxe4 Kd4 41. h7) (36. b5 $1 Kxb5 37. g4) 36... e4 37. fxe4 fxe4
38. g4 $4 {seems like the winning idea, but it's not that simple.} (38. b5 $1
$18 Kxb5 39. g4 hxg4 40. h5 {does it}) 38... hxg4 39. h5 (39. b5 g3 40. b6 g2
41. Kf2 e3+ 42. Kxg2 Kd3) 39... g3 40. h6 g2 41. Kf2 Kd3 (41... e3+ 42. Kxg2
Kd3) 42. h7 e3+ 43. Kxg2 e2 44. h8=Q e1=Q 45. Qd4+ Kc2 46. Qf2+ {
forcing the trade of queens with an easy ... draw? Oops!} (46. Qf2+ {[#]} Qxf2+
47. Kxf2 Kd2 $1 {(only move) Escort!} 48. Kf3 Kd3 $1 {(only move)} 49. Kf4 (49.
b5 e5 50. b6 e4+ 51. Kg2 e3 52. b7 e2 53. b8=Q e1=Q $11) 49... Kc4 $1 {
(yes, only move)} 50. Ke5 f5 51. Kf4 {Here also! any other move *loses*} Kb5
$11 (51... Kd5 52. b5 Kc5 53. c4 Kb6 {is also a draw} ({even} 53... Kd6 54. b6
Kc6 55. c5 Kb7 {is drawn} (55... Kd7 $4 56. b7 Kc7 57. c6 Kb8 58. Ke5 Kc7 59.
Kxe6 f4 60. b8=Q+ Kxb8 61. Kd7 $18)))) 1-0

[Event "Mechanics' Summer TNM; G/2 d/5"]
[Site "San Francisco"]
[Date "2018.06.26"]
[Round "5.33"]
[White "Zaman, Ahyan"]
[Black "Boldt, Tim"]
[Result "0-1"]
[WhiteElo "1650"]
[BlackElo "1337"]
[PlyCount "76"]
[EventDate "2018.??.??"]
[Source "ChessBase"]
[SourceDate "2007.09.04"]

1. e4 e6 2. d4 d5 3. exd5 exd5 4. Nf3 Nc6 5. Bd3 Bd6 6. O-O Nf6 7. Re1+ Ne7 8.
Bg5 Ne4 9. Bxe4 dxe4 10. Rxe4 O-O 11. Re1 f6 12. Be3 Bg4 13. h3 Bh5 14. Nc3 Nf5
15. Qd3 Bg6 16. Ne4 Nxe3 17. Qxe3 Re8 18. Qb3+ Bf7 19. c4 Bf8 20. d5 Bg6 21.
Ng3 Bc5 22. Qxb7 Qd6 23. Qc6 Reb8 24. Qxd6 cxd6 25. b3 a5 26. Re7 a4 27. Nd2
axb3 28. Nge4 Bd4 29. Nxb3 Bxa1 30. Nxa1 Bxe4 31. Rxe4 Rb1+ 32. Kh2 Rxa1 33.
Re6 Rd8 34. Re2 Rc8 35. Rc2 Kf7 36. Kg3 Ke7 37. Kf4 Ra8 38. Re2+ Kd7 0-1

[Event "Mechanics' Summer TNM; G/2 d/5"]
[Site "San Francisco"]
[Date "2018.07.10"]
[Round "7.27"]
[White "Zaman, Ahyan"]
[Black "Carron, Joel"]
[Result "1/2-1/2"]
[WhiteElo "1650"]
[BlackElo "1382"]
[PlyCount "124"]
[EventDate "2018.??.??"]
[Source "ChessBase"]
[SourceDate "2007.09.04"]

1. e4 c5 2. Nf3 g6 3. d4 cxd4 4. Nxd4 Bg7 5. Nc3 Nc6 6. Be3 a6 7. Bc4 Nf6 8. f3
O-O 9. Qd2 b5 10. Bb3 Na5 11. O-O-O Nxb3+ 12. Nxb3 d6 13. Bh6 Be6 14. h4 b4 15.
Nd5 a5 16. Nxf6+ exf6 17. Bxg7 Kxg7 18. h5 Qc7 19. h6+ Kg8 20. Qf4 Rfc8 21. Nd4
Qe7 22. Nxe6 fxe6 23. Qxd6 Kf7 24. e5 Qxd6 25. exd6 e5 26. Rd5 Ke6 27. Rhd1 Rd8
28. Rb5 Ra6 29. Rb7 Rd7 30. Rb8 Raxd6 31. Rxd6+ Rxd6 32. Rh8 Rd7 33. Ra8 Kf5
34. Rxa5 Kg5 35. Ra6 f5 36. Rb6 Rd4 37. c3 bxc3 38. bxc3 Rd7 39. a4 Kf4 40. a5
Ra7 41. a6 Kg3 42. Rb7 Rxa6 43. Rxh7 Kxg2 44. Rg7 Ra1+ 45. Kd2 Rh1 46. f4 e4
47. Ke2 Rxh6 48. c4 Kg3 49. Ke3 Kg4 50. c5 Rh3+ 51. Kd4 Kxf4 52. Rxg6 Rd3+ 53.
Kc4 Rd8 54. c6 e3 55. Re6 Kf3 56. c7 Rc8 57. Kd3 f4 58. Re7 Kf2 59. Re4 Kg3 60.
Re7 Kf2 61. Re4 Rxc7 62. Rxf4+ Kg3 1/2-1/2

[Event "Mechanics' Shipman TNM; G/2 d/5"]
[Site "San Francisco"]
[Date "2018.08.07"]
[Round "1.37"]
[White "Zaman, Ahyan"]
[Black "Cendejas, Jon Rodo"]
[Result "1-0"]
[WhiteElo "1590"]
[BlackElo "962"]
[PlyCount "71"]
[EventDate "2018.??.??"]
[Source "ChessBase"]
[SourceDate "2007.09.04"]

1. e4 e5 2. Nf3 Nc6 3. Bc4 Bc5 4. c3 a6 5. d4 Bb6 6. dxe5 Nxe5 7. Nxe5 Qf6 8.
Nf3 h6 9. O-O Ne7 10. Be3 O-O 11. Bxb6 Qxb6 12. Qb3 Qg6 13. Nbd2 d6 14. Kh1 b5
15. Bd5 c6 16. Rfe1 cxd5 17. exd5 Re8 18. Re3 Bb7 19. c4 Rab8 20. Rae1 Qf6 21.
Ne4 Qf4 22. Qa3 Nf5 23. Nf6+ gxf6 24. Rxe8+ Rxe8 25. Rxe8+ Kg7 26. cxb5 axb5
27. Re1 Bxd5 28. Qd3 Bxa2 29. b3 Qb4 30. Qxf5 Bxb3 31. Re4 Qc3 32. Rg4+ Kf8 33.
Qd7 Qc1+ 34. Ng1 Qe1 35. Qd8+ Qe8 36. Rg8+ 1-0

[Event "Mechanics' Shipman TNM; G/2 d/5"]
[Site "San Francisco"]
[Date "2018.08.28"]
[Round "4.32"]
[White "Zaman, Ahyan"]
[Black "Cunningham, Charles"]
[Result "0-1"]
[WhiteElo "1590"]
[BlackElo "1418"]
[PlyCount "27"]
[EventDate "2018.??.??"]
[Source "ChessBase"]
[SourceDate "2007.09.04"]

1. e4 e5 2. Nf3 Nc6 3. Bc4 h6 4. Nc3 Nf6 5. O-O a6 6. d3 Bc5 7. Be3 Bxe3 8.
fxe3 O-O 9. d4 d6 10. Bd5 Re8 11. Bxc6 bxc6 12. dxe5 dxe5 13. Qxd8 Rxd8 14.
Nxe5 {Remaining moves unavailable.} 0-1

[Event "Mechanics' Winter TNM; G/2 d5"]
[Site "San Francisco"]
[Date "2018.02.20"]
[Round "7.23"]
[White "Zulkhuu, Jamyandagva"]
[Black "Agdamag, Samuel"]
[Result "0-1"]
[WhiteElo "1175"]
[BlackElo "1448"]
[PlyCount "98"]
[EventDate "2018.??.??"]
[Source "ChessBase"]
[SourceDate "2007.09.04"]

1. e4 d5 2. e5 Bf5 3. d4 e6 4. Nc3 Bb4 5. Bd2 Nc6 6. Bb5 Nge7 7. Nf3 O-O 8. O-O
a6 9. Bxc6 Nxc6 10. Bg5 Qd7 11. Ne2 h6 12. Bh4 Rfe8 13. Nf4 g5 14. Nh5 Be7 15.
Qd2 Kh7 16. Nxg5+ hxg5 17. Bxg5 Kg6 18. Nf6 Qd8 19. Bh4 Kg7 20. Qg5+ Bg6 21.
Nh5+ Kh7 22. Nf6+ Bxf6 23. exf6 Rh8 24. Rfe1 Nxd4 25. Re3 Nf5 26. Rh3 Kg8 27.
g4 Nxh4 28. Rxh4 Rxh4 29. Qxh4 Qf8 30. Re1 Bh7 31. Re3 Kh8 32. Rh3 Qg8 33. g5
Qg6 34. Qf4 Rg8 35. Rg3 Qxc2 36. h4 Qd1+ 37. Kh2 Qe2 38. h5 e5 39. Qe3 Qxe3 40.
Rxe3 Rxg5 41. f4 Rxh5+ 42. Kg3 exf4+ 43. Kxf4 Rf5+ 44. Kg4 Rxf6 45. Re8+ Kg7
46. Re7 d4 47. Rxc7 d3 48. Rxb7 Rd6 49. Kf3 d2 0-1

[Event "Mechanics' Winter TNM; G/2 d5"]
[Site "San Francisco"]
[Date "2018.02.06"]
[Round "5.42"]
[White "Zulkhuu, Jamyandagva"]
[Black "Boldi, Nicholas"]
[Result "1-0"]
[WhiteElo "1175"]
[BlackElo "1559"]
[Annotator "Donaldson"]
[PlyCount "57"]
[EventDate "2018.??.??"]
[Source "ChessBase"]
[SourceDate "2007.09.04"]

1. e4 e6 2. d4 d5 3. e5 c5 4. c3 Nc6 5. Nf3 Qb6 6. Bd3 Bd7 7. O-O cxd4 8. cxd4
Nxd4 9. Nxd4 Qxd4 10. Nc3 Qxe5 11. Re1 Qc7 (11... Qb8) 12. Qf3 Be7 13. Nb5 Qd8
(13... Qa5) 14. Bf4 Kf8 (14... Rc8) 15. Bc7 Qe8 16. Nd6 Bxd6 17. Bxd6+ Ne7 18.
Rac1 Kg8 19. h4 h5 20. Rc7 b6 21. Bb5 Nc6 $2 {Diagram [#]} (21... Rd8) 22. Bxc6
$1 Bxc6 23. Re7 Qf8 24. Re5 (24. Rc1 $1) 24... g6 25. Rg5 Rd8 26. Qf6 Rxd6 (
26... Qg7 27. Qxg7+ Kxg7 28. Be5+ Kf8 29. Rc7 $18) 27. Rxg6+ fxg6 28. Qxg6+ Qg7
29. Qxg7# 1-0

[Event "Mechanics' Winter TNM; G/2 d5"]
[Site "San Francisco"]
[Date "2018.01.16"]
[Round "2.43"]
[White "Zulkhuu, Jamyandagva"]
[Black "Erdenebileg, Matthew"]
[Result "1-0"]
[WhiteElo "1175"]
[BlackElo "1450"]
[Annotator " Donaldson"]
[PlyCount "69"]
[EventDate "2018.??.??"]
[Source "ChessBase"]
[SourceDate "2007.09.04"]

1. e4 e5 2. Nf3 Nc6 3. Bc4 Bc5 4. b4 Bxb4 5. c3 Be7 6. d4 exd4 7. cxd4 d6 8.
Qb3 Be6 9. d5 Na5 {Diagram [#]} 10. Qb5+ $2 (10. Qa4+ {wins a piece.}) 10... c6
11. Qb4 Nxc4 12. dxe6 Qa5 13. exf7+ Kxf7 14. a3 Qxb4+ 15. axb4 h6 16. O-O Nf6
17. Nbd2 Nxd2 18. Bxd2 Nxe4 19. Be3 b6 20. Rfe1 Nf6 21. Nd4 Rhc8 22. Bf4 Nd5
23. Nf5 Nxf4 24. Rxe7+ Kf6 25. Rae1 Kxf5 26. Rf7+ Kg5 27. h4+ Kxh4 28. g3+ Kg5
29. gxf4+ Kg6 30. Ree7 Rg8 31. Kg2 a6 32. Kg3 Raf8 33. f5+ Kg5 34. f4+ Kh5 35.
Re1 1-0

[Event "Mechanics' Spring TNM; G/2 d5"]
[Site "San Francisco"]
[Date "2018.03.27"]
[Round "2.36"]
[White "Zulkhuu, Jamyandagva"]
[Black "Rakonitz, David"]
[Result "0-1"]
[WhiteElo "1393"]
[BlackElo "1595"]
[PlyCount "68"]
[EventDate "2018.??.??"]
[Source "ChessBase"]
[SourceDate "2007.09.04"]

1. e4 e6 2. d4 d5 3. e5 c5 4. c3 Nc6 5. Nf3 Qb6 6. Bd3 Bd7 7. O-O cxd4 8. cxd4
Nxd4 9. Nxd4 Qxd4 10. Nc3 a6 11. Re1 (11. Qe2 Ne7 12. Rd1 Nc6) 11... Ne7 12.
Qf3 Ng6 13. Bxg6 hxg6 14. Bf4 Bb4 15. Red1 Qb6 16. Be3 Qc7 17. Rac1 Qd8 18. a3
Be7 19. b4 O-O 20. Ne2 Rc8 21. Rxc8 Qxc8 22. g4 Qd8 23. Kg2 a5 24. bxa5 Qxa5
25. g5 Bc5 26. Bxc5 Qxc5 27. Qh3 Ra8 28. Rd3 Ra4 29. Rc3 Rc4 30. Rb3 Bc6 31.
Nf4 Rxf4 32. Qg3 Rc4 33. h4 Qd4 34. h5 Qg4 0-1

[Event "Mechanics' Spring TNM; G/2 d5"]
[Site "San Francisco"]
[Date "2018.04.17"]
[Round "5.38"]
[White "Zulkhuu, Jamyandagva"]
[Black "Robeal, Rafik"]
[Result "0-1"]
[WhiteElo "1393"]
[BlackElo "1682"]
[PlyCount "98"]
[EventDate "2018.??.??"]
[Source "ChessBase"]
[SourceDate "2007.09.04"]

1. e4 d5 2. exd5 Qxd5 3. Nc3 Qd6 4. Nf3 Nf6 5. d4 a6 6. Bc4 e6 7. g3 b5 8. Bf4
Qc6 9. Bb3 Bb7 10. d5 exd5 11. Ne5 Qe6 12. Qe2 Bb4 13. Bd2 O-O 14. O-O-O c5 15.
a3 Bxc3 16. Bxc3 c4 17. Ba2 d4 18. Bb4 Re8 19. Rhe1 Nc6 20. f4 Nxb4 21. axb4
Qd6 22. Qd2 Rad8 23. g4 Ne4 24. Qg2 f6 25. Nd3 Bd5 26. b3 cxd3 27. Rxd3 Nc3 28.
Rxe8+ Rxe8 29. Qf2 Nxa2+ 30. Kb2 Nxb4 31. Rxd4 Nc6 32. Rd3 Rc8 33. Rc3 Ne7 34.
Re3 Qc5 35. Qe2 Ng6 36. f5 Ne5 37. g5 Qd4+ 38. Kb1 Rc3 39. Rxc3 Qxc3 40. gxf6
Bf3 41. Qf2 gxf6 42. Qg1+ Kf8 43. Qa7 Be4 44. Qb8+ Ke7 45. Qa7+ Nd7 46. Qf2
Qxb3+ 47. Kc1 Qa3+ 48. Kd2 Qb2 49. Ke3 Qxc2 0-1